Normal view
MARC view
Entry Personal Name
001 - CONTROL NUMBER
- control field: 46687
003 - CONTROL NUMBER IDENTIFIER
- control field: dpl
005 - DATE AND TIME OF LATEST TRANSACTION
- control field: 20120508163428.0
008 - FIXED-LENGTH DATA ELEMENTS
- fixed length control field: 120508|||a|||||| | ||| d
040 ## - CATALOGING SOURCE
- Original cataloging agency: dpl
- Transcribing agency: dpl
100 ## - HEADING--PERSONAL NAME
- Personal name: خو شحا لا نی،گو بنر
670 ## - SOURCE DATA FOUND
- Source citation: Work cat.: (dpl)66321: خو شحا لا نی،گو بنر, گلستا ں غليظ ہو ر ہا ہے / , 2011
670 ## - SOURCE DATA FOUND
- Source citation: Work cat.: (dpl)66321: خو شحا لا نی،گو بنر, گلستا ں غليظ ہو ر ہا ہے / , 2011
